01009cam a22002894a 450000100090000000300040000900500170001300800410003001000170007102000160008802000180010404000180012205000210014008200180016110000450017924500630022425000120028726000640029930000340036350400510039765000150044865000160046390600450047994200420052495201360056699900170070216438269OSt20231121130935.0100828s2010 enka b 001 0 eng  a 2010483825 a00311701691 a9781108411608 aDLCcDLCdDLC00aTD174b.H55 2010 a363.73bHIL/U1 aHill, Marquita K.q(Marquita Kaya)9990510aUnderstanding environmental pollution /cMarquita K. Hill. a3rd ed. aCambridge ;aNew York :bCambridge University Press,c2010. axvi, 585 p. :bill. ;c26 cm. aIncludes bibliographical references and index. 0aPollution. 0aPollutants. a7bcbccorigcopd2eocipf20gy-gencatlg 2ddccBKh363.73iHIL/Uk363.73mHIL/U 00102ddc40708BIOLOGYaMESbMEScBOTANYd2023-11-21l0o363.73 HIL/Up43583r2023-11-21 13:10:12v895.00w2023-11-21yBKzGL18R1 c43679d43679